Arctic Monkeys Lyrics - What If You Were Right First Time? - Statistics

General Stats
  • This quiz has been taken 25 times
  • The average score is 124 of 157
Answer Stats
Lyrics % Correct
I
100%
the
100%
you
100%
You
100%
a
95%
first
95%
if
95%
right
95%
she
95%
That
95%
that
95%
time?
95%
were
95%
What
95%
where
95%
and
89%
And
89%
Do
89%
her?
89%
her
89%
in
89%
is
89%
can't
84%
it
84%
she's
84%
your
84%
could
79%
does
79%
don't
79%
know
79%
no
79%
on
79%
there
79%
this
79%
to
79%
with
79%
between,
74%
Down
74%
dream
74%
eyes
74%
line
74%
look
74%
slightly
74%
telephone
74%
there's
74%
those
74%
without
74%
about
68%
afternoon?
68%
been
68%
fantastic
68%
fear
68%
get
68%
into
68%
nerves,
68%
things
68%
wonder
68%
are
63%
even
63%
for
63%
make
63%
me,
63%
never
63%
empty
58%
happen?
58%
perturbed
58%
places
58%
Seem
58%
worst
58%
awful
53%
Betwixt
47%
tell
47%
needle
42%
prove?
42%
feet
37%
still
37%
tapping?
37%
groove,
32%
trip
32%
over
26%
water
26%
owt
21%
No matching quizzes found
Score Distribution
Percent of People with Each Score
Percentile by Number Answered
Your Score History
You have not taken this quiz